Teams that Cristiano Ronaldo Has Played For - Statistics

General Stats
  • This quiz has been taken 1,310 times
    1,142 since last reset
  • The average score is 7 of 8
Answer Stats
Year(s) Apps Goals Team % Correct
2003-2009 196 84 Manchester United
98%
2021-2022 40 19 Manchester United
98%
2009-2018 292 311 Real Madrid
98%
2018-2021 98 81 Juventus
97%
2002-2003 25 3 Sporting CP
96%
2022- 84 82 Al Nassr
92%
2003- 225 143 Portugal
68%
2002-2003 2 0 Sporting CP B
22%
No matching quizzes found
Score Distribution
Percent of People with Each Score
Percentile by Number Answered
Your Score History
You have not taken this quiz since the last reset